000 00578nam a2200193 i 4500
001 49885
003 ES-MaACL
005 20230906162059.0
007 t|
008 030725s1914 it ||||1| ita d
100 1 _aCraveri, Calisto.
_941454
245 1 0 _aColtivarione industriale delle piante aromatiche da assenze e medicinali
_b: manuale pratico /
_cCalisto Craveri.
260 _aMilano :
_b[Allegretti],
_c1914.
300 _aXIX, 307 p. ;
_c24 cm.
490 1 _aManuali Hoepli
830 0 _aManuali Hoepli
_9180782
852 _aES-MaACL
_jD-3608
999 _c49885
_d49885